| Поле | Название | Значение |
| |
Тип записи |
a |
| |
Библиографический уровень |
m |
| 001 |
Контрольный номер |
ff3055cb63d2429785bcf4b84aa938de |
| 005 |
Дата корректировки |
20260115122519.7 |
| 010 |
Индекс ISBN |
__ |
| a |
ISBN |
978-5-00155-575-9 |
| b |
Уточнения |
в пер. |
| b |
Уточнения |
Яуза |
| d |
Цена |
595-94 |
| 010 |
Индекс ISBN |
__ |
| a |
ISBN |
978-5-535-22611-8 |
| b |
Уточнения |
ЛитРес |
| 9 |
Тираж |
1000 экз. |
| 100 |
Данные общей обработки |
__ |
| a |
Данные общей обработки |
20250811d2023 ma y0rusy028902 ca |
| 101 |
Язык документа |
0_ |
| a |
Язык текста |
rus |
| 102 |
Страна публикации |
__ |
| a |
Страна публикации |
RU |
| 105 |
Кодированные данные (монография) |
__ |
| a |
Кодированные данные (монография) |
y z 000ay |
| 181 |
Поле кодированных данных: вид содержания |
_0 |
| a |
Код вида содержания (ISBD) |
i |
| 182 |
Поле кодированных данных: тип средства |
_0 |
| a |
Код типа средства (ISBD) |
n |
| 200 |
Заглавие и сведения об ответственности |
1_ |
| a |
Заглавие |
Записки ночного Ангела |
| e |
Сведения, относящиеся к заглавию |
[настоящая история о работе вертолетного поисково-спасательного отряда "Ангел" в составе "Лиза Алерт"] |
| f |
Первые сведения об ответственности |
Эдвард Скай |
| 203 |
Вид содержания и тип средства |
__ |
| a |
Вид содержания |
Текст |
| c |
Тип средства |
непосредственный |
| 210 |
Выходные данные |
1_ |
| a |
Место издания |
Москва |
| c |
Издательство |
Яуза |
| c |
Издательство |
Яуза-каталог |
| c |
Издательство |
Литрес |
| d |
Дата издания |
2023 |
| 215 |
Физическое описание |
__ |
| a |
Объем |
382, [1] с. |
| d |
Формат |
21 см |
| 225 |
Серия |
2_ |
| a |
Серия |
ЛитРес: Inspiration |
| 330 |
Аннотация |
__ |
| a |
Аннотация |
Видя объявления в интернете или на столбе у ближайшей остановки «Пропал человек», мы думаем: как я-то могу помочь? Ведь есть же МЧС или другие специальные службы. У них и оборудование, и амуниция, и бог весть что еще. Тем не менее именно волонтерские отряды делают огромную работу, когда нужно найти пропавшего. Ведь порой счет времени идет на минуты, а промедление подобно смерти. Так было в случае с Лизой Фомкиной. Тогда помощь не успела вовремя. Но эта трагедия стала отправной точкой в истории Добровольческого поисково-спасательного отряда «Лиза Алерт». |
| 333 |
Примечание о целевом назначении |
__ |
| a |
Примечание о целевом назначении |
16+. Для детей старше 16 лет |
| 540 |
Дополнительное заглавие, сделанное каталогизатором |
10 |
| a |
Дополнительное заглавие, сделанное каталогизатором |
Настоящая история о работе вертолетного поисково-спасательного отряда "Ангел" в составе "Лиза Алерт" |
| 601 |
Наименование организации как предмет |
00 |
| 2 |
Код системы |
nlr_sh |
| a |
Наименование организации как предмет |
"Лиза Алерт", поисково-спасательный отряд |
| 601 |
Наименование организации как предмет |
00 |
| 2 |
Код системы |
nlr_sh |
| a |
Наименование организации как предмет |
"Ангел", поисково-спасательный отряд |
| 606 |
Тематические рубрики |
__ |
| 2 |
Код системы |
nlr_sh |
| a |
Основная рубрика |
Военное дело |
| 606 |
Тематические рубрики |
__ |
| 2 |
Код системы |
nlr_sh |
| a |
Основная рубрика |
Службы гражданской защиты |
| 610 |
Ключевые слова |
0_ |
| a |
Ключевые слова |
поисково-спасательные службы |
| 610 |
Ключевые слова |
0_ |
| a |
Ключевые слова |
поисково-спасательные работы |
| 610 |
Ключевые слова |
0_ |
| a |
Ключевые слова |
поисковые мероприятия |
| 610 |
Ключевые слова |
0_ |
| a |
Ключевые слова |
поисковые отряды |
| 610 |
Ключевые слова |
0_ |
| a |
Ключевые слова |
спасательные работы |
| 610 |
Ключевые слова |
0_ |
| a |
Ключевые слова |
волонтеры |
| 610 |
Ключевые слова |
0_ |
| a |
Ключевые слова |
спасатели |
| 686 |
Индексы других классификаций |
__ |
| 2 |
Код системы |
rubbks |
| a |
Классификационный индекс |
68.922 |
| 700 |
Автор |
_1 |
| a |
Фамилия |
Скай |
| b |
Имя |
Э. |
| g |
Полное личное имя |
Эдвард |
| 4 |
Код отношения |
070 |
| 801 |
Источник записи |
_0 |
| a |
Страна |
RU |
| b |
Организация |
Муниципальное бюджетное учреждение культуры "Централизованная библиотечная система" г. Сургут (Центральная городская библиотека им. А. С. Пушкина) |
| c |
Дата составления |
20250811 |
| g |
Правила каталогизации |
PSBO |
| 801 |
Источник записи |
_1 |
| a |
Страна |
RU |
| b |
Организация |
Муниципальное бюджетное учреждение культуры "Централизованная библиотечная система" г. Сургут (Центральная городская библиотека им. А. С. Пушкина) |
| c |
Дата составления |
20250811 |
| g |
Правила каталогизации |
PSBO |
| 852 |
Данные о местонахождении |
__ |
| i |
Авторский знак |
С 42 |
| j |
Шифр хранения |
68.922 |
| 900 |
Макрообъекты |
__ |
| a |
Макрообъекты |
Записки ночного Ангела. Скай, Э., 2023 |
| 901 |
Тип документа |
__ |
| a |
Ответственный |
КиК/Обаева |
| t |
Тип документа |
m |
| 903 |
Характеристики (МАРС) |
__ |
| a |
Дата передачи |
20250811 |
| c |
Наименование библиотеки (МАРС) |
Муниципальное бюджетное учреждение культуры "Централизованная библиотечная система" г. Сургут (Центральная городская библиотека им. А. С. Пушкина) |
| 990 |
Данные о заказе (DOS) |
__ |
| j |
Количество экземпляров (DOS) |
6 |
| t |
N записи в КСУ для И/У (DOS) |
202509 |